000 00438nam a22001697a 4500
003 SGT
020 _a9781108710961
082 _a615.1
_bP21P
100 _aPECK, TOM
245 _aPHARMACOLOGY FOR ANAESTHESIA AND INTENSIVE CARE
250 _a5TH
260 _aNEW YORK
_bCAMBRIDGE UNIVERSITY PUB
_c2021
300 _a375
650 _aANESTHESIOLOGY
653 _aPHARMACOLOGY FOR ANAESTHESIA AND INTENSIVE CARE
942 _2ddc
_cBK
999 _c23330
_d23330